[Event "23rd ETCC Open 2021"]
[Site "Catez"]
[Date "2021.11.20"]
[Round "8.70"]
[White "Pasko, Llambi"]
[Black "Bremner, Adam"]
[Result "1-0"]
[WhiteElo "2417"]
[BlackElo "2204"]
[Annotator "ChessBase"]
[PlyCount "137"]
[EventDate "2021.11.08"]
[EventType "team-tourn"]
[EventCountry "SLO"]
[SourceTitle "playchess.com"]
[Source "ChessBase"]
[SourceQuality "1"]
[WhiteTeam "Albania"]
[BlackTeam "Scotland"]
[WhiteTeamCountry "ALB"]
[BlackTeamCountry "SCO"]
[TimeControl "40/5400+30:1800+30"]

1. d4 Nf6 2. c4 e6 3. Nf3 d5 4. e3 Be7 5. Nc3 O-O 6. Bd3 dxc4 7. Bxc4 a6 8. a4
c5 9. O-O Nc6 10. Qd3 Qc7 11. Rd1 Rd8 12. Qe2 b6 13. d5 exd5 14. Nxd5 Nxd5 15.
Bxd5 Bb7 16. e4 Bf6 17. Bg5 Nd4 18. Nxd4 Bxg5 19. Bxb7 Qxb7 20. Nf5 g6 21. Nd6
Qe7 22. Nc4 Rxd1+ 23. Rxd1 Rd8 24. Rxd8+ Qxd8 25. e5 Be7 26. g3 b5 27. axb5
axb5 28. Na3 b4 29. Nc4 Qd5 30. b3 h5 31. Qd2 Qe4 32. Qe3 Qd5 33. h4 Kg7 34.
Kf1 Qd1+ 35. Kg2 Qd5+ 36. Qf3 Qd4 37. Qb7 Kf8 38. Qc6 Kg7 39. Qf3 Kg8 40. Qe3
Qd5+ 41. Qf3 Qd4 42. Kf1 Qa1+ 43. Ke2 Qa2+ 44. Nd2 Qa1 45. Qd5 Qa6+ 46. Kf3 Qc8
47. Kg2 Qf5 48. Nc4 Kg7 49. Ne3 Qc8 50. f4 Qa6 51. Kf3 Qa1 52. f5 gxf5 53.
Nxf5+ Kf8 54. Kg2 Qa2+ 55. Kh3 Qa6 56. Qf3 Qa1 57. g4 hxg4+ 58. Kxg4 Bd8 59.
Qe3 Qd1+ 60. Kg3 Be7 61. Nxe7 Kxe7 62. Qxc5+ Ke8 63. Qc6+ Ke7 64. Qd6+ Qxd6 65.
exd6+ Kxd6 66. Kf4 Ke6 67. Kg5 f6+ 68. Kg6 f5 69. Kg5 1-0

[Event "23rd ETCC Open 2021"]
[Site "Catez"]
[Date "2021.11.20"]
[Round "8.71"]
[White "Muir, Andrew J"]
[Black "Ashiku, Franc"]
[Result "0-1"]
[WhiteElo "2254"]
[BlackElo "2419"]
[Annotator "NA"]
[PlyCount "92"]
[EventDate "2021.11.08"]
[EventType "team-tourn"]
[EventCountry "SLO"]
[SourceTitle "playchess.com"]
[Source "ChessBase"]
[SourceQuality "1"]
[WhiteTeam "Scotland"]
[BlackTeam "Albania"]
[WhiteTeamCountry "SCO"]
[BlackTeamCountry "ALB"]
[TimeControl "40/5400+30:1800+30"]

1. d4 Nf6 2. c4 g6 3. Nc3 Bg7 4. e4 d6 5. f3 O-O 6. Be3 a6 7. Qd2 Nc6 8. Nge2
Bd7 9. Nc1 Nh5 10. Nb3 f5 11. exf5 gxf5 12. Be2 a5 13. a4 Kh8 14. O-O f4 15.
Bf2 Bh6 16. Bh4 Qe8 17. g4 Qg6 18. Qd3 Bf5 19. Ne4 Nb4 20. Qb1 Bxg4 21. fxg4 f3
22. Ng5 fxe2 23. Rxf8+ Rxf8 24. Qxg6 hxg6 25. gxh5 Bxg5 26. Bxg5 Nc2 27. Rc1
e1=Q+ 28. Rxe1 Nxe1 29. Bxe7 Rf7 30. Bd8 gxh5 31. Nxa5 c6 32. Bb6 Nd3 33. b3
Kg7 34. Bd8 Kg6 35. Kg2 Ne1+ 36. Kg1 Nf3+ 37. Kg2 Nxd4 38. b4 Nc2 39. b5 Nd4
40. b6 Ne6 41. Bc7 Nxc7 42. Nxb7 Na6 43. Nxd6 Rd7 44. Nc8 Rd4 45. Ne7+ Kf6 46.
Nxc6 Rxc4 0-1

[Event "23rd ETCC Open 2021"]
[Site "Catez"]
[Date "2021.11.20"]
[Round "8.72"]
[White "Seitaj, Ilir"]
[Black "Morrison, Graham"]
[Result "1-0"]
[WhiteElo "2351"]
[BlackElo "2251"]
[Annotator "NA"]
[PlyCount "119"]
[EventDate "2021.11.08"]
[EventType "team-tourn"]
[EventCountry "SLO"]
[SourceTitle "playchess.com"]
[Source "ChessBase"]
[SourceQuality "1"]
[WhiteTeam "Albania"]
[BlackTeam "Scotland"]
[WhiteTeamCountry "ALB"]
[BlackTeamCountry "SCO"]
[TimeControl "40/5400+30:1800+30"]

1. e4 c5 2. Nf3 d6 3. c3 Nf6 4. Bb5+ Bd7 5. Bxd7+ Nbxd7 6. Qe2 e6 7. O-O Be7 8.
d4 cxd4 9. cxd4 d5 10. e5 Ne4 11. Nbd2 Nxd2 12. Bxd2 Qb6 13. Qd3 O-O 14. Bg5 f6
15. exf6 gxf6 16. Bh4 Bd6 17. Rfe1 Bf4 18. Re2 Rf7 19. Rae1 Nf8 20. Rc2 Re8 21.
Bg3 Bxg3 22. hxg3 Rc7 23. Ree2 Rec8 24. g4 Rxc2 25. Rxc2 Rxc2 26. Qxc2 h6 27.
g3 Qc6 28. Qd2 Kg7 29. Kg2 b6 30. Qf4 Ng6 31. Qb8 Qd7 32. a3 Ne7 33. b4 Nc6 34.
Qf4 Qe7 35. Nh4 Qd7 36. Qd2 Qd6 37. Qc2 Ne7 38. Qa4 Qc7 39. Qe8 e5 40. Nf3 Ng6
41. Qa8 e4 42. Nh2 Qd7 43. Nf1 Qxg4 44. Qxa7+ Kf8 45. Qb8+ Kf7 46. Ne3 Qf3+ 47.
Kg1 Ne7 48. Qxb6 Nf5 49. Qc7+ Kg6 50. Nxf5 Qxf5 51. Qc3 Qd7 52. Qb3 f5 53. b5
f4 54. gxf4 e3 55. fxe3 Qg4+ 56. Kf2 Qh4+ 57. Ke2 Qg4+ 58. Kd2 Qg2+ 59. Kc3 Qe2
60. Qc2+ 1-0

[Event "23rd ETCC Open 2021"]
[Site "Catez"]
[Date "2021.11.20"]
[Round "8.73"]
[White "Saraci, Nderim"]
[Black "Toczek, Grzegorz"]
[Result "1-0"]
[WhiteElo "2486"]
[BlackElo "2296"]
[Annotator "ChessBase"]
[PlyCount "47"]
[EventDate "2021.11.08"]
[EventType "team-tourn"]
[EventCountry "SLO"]
[SourceTitle "playchess.com"]
[Source "ChessBase"]
[SourceQuality "1"]
[WhiteTeam "Kosovo"]
[BlackTeam "Wales"]
[WhiteTeamCountry "KOS"]
[BlackTeamCountry "WLS"]
[TimeControl "40/5400+30:1800+30"]

1. e4 c5 2. Nf3 d6 3. Bb5+ Nd7 4. O-O Ngf6 5. d4 cxd4 6. Qxd4 e5 7. Qd3 Be7 8.
Bg5 O-O 9. Bxd7 Nxd7 10. Be3 Nf6 11. c4 Ng4 12. Nc3 f5 13. h3 fxe4 14. Nxe4
Nxe3 15. fxe3 Be6 16. Rad1 Rc8 17. b3 Rc6 18. Rd2 h6 19. Nc3 Qe8 20. Rdf2 Bd8
21. Ng5 Bf5 22. Qd5+ Kh8 23. Ne6 g6 24. Nxf8 1-0

[Event "23rd ETCC Open 2021"]
[Site "Catez"]
[Date "2021.11.20"]
[Round "8.74"]
[White "Pleasants, Allan J"]
[Black "Uruci, Endrit"]
[Result "1-0"]
[WhiteElo "2001"]
[BlackElo "2322"]
[Annotator "NA"]
[PlyCount "77"]
[EventDate "2021.11.08"]
[EventType "team-tourn"]
[EventCountry "SLO"]
[SourceTitle "playchess.com"]
[Source "ChessBase"]
[SourceQuality "1"]
[WhiteTeam "Wales"]
[BlackTeam "Kosovo"]
[WhiteTeamCountry "WLS"]
[BlackTeamCountry "KOS"]
[TimeControl "40/5400+30:1800+30"]

1. d4 Nf6 2. Nf3 d5 3. e3 Bg4 4. h3 Bh5 5. c4 e6 6. Qb3 Bxf3 7. gxf3 Qc8 8. Nc3
c6 9. Bd2 Bd6 10. Rg1 O-O 11. c5 Bc7 12. Bd3 e5 13. dxe5 Bxe5 14. f4 Bc7 15.
Ne2 Nbd7 16. Qc2 Qd8 17. Bc3 Nxc5 18. Bxh7+ Kh8 19. O-O-O Na4 20. Qxa4 Kxh7 21.
f5 Ne8 22. f6 g6 23. Qh4+ Kg8 24. Ng3 Bxg3 25. Rxg3 c5 26. Qh6 d4 27. exd4 Nxf6
28. Rxg6+ fxg6 29. Qxg6+ Kh8 30. Qh6+ Kg8 31. Rg1+ Kf7 32. Rg7+ Ke6 33. Qe3+
Kd5 34. Qe5+ Kc4 35. Qxc5+ Kd3 36. Qb5+ Ke4 37. Qe5+ Kd3 38. Rg3+ Kc4 39. Qc5#
1-0

[Event "23rd ETCC Open 2021"]
[Site "Catez"]
[Date "2021.11.20"]
[Round "8.75"]
[White "Makolli, Perparim"]
[Black "Garcia, Jason"]
[Result "1/2-1/2"]
[WhiteElo "2245"]
[BlackElo "2028"]
[Annotator "NA"]
[PlyCount "63"]
[EventDate "2021.11.08"]
[EventType "team-tourn"]
[EventCountry "SLO"]
[SourceTitle "playchess.com"]
[Source "ChessBase"]
[SourceQuality "1"]
[WhiteTeam "Kosovo"]
[BlackTeam "Wales"]
[WhiteTeamCountry "KOS"]
[BlackTeamCountry "WLS"]
[TimeControl "40/5400+30:1800+30"]

1. e4 c5 2. Nf3 d6 3. d4 cxd4 4. Nxd4 Nf6 5. Nc3 a6 6. h3 e6 7. Be3 b5 8. Bd3
Nbd7 9. a4 b4 10. Nce2 Bb7 11. Ng3 d5 12. Bg5 Be7 13. exd5 Bxd5 14. O-O O-O 15.
Re1 h6 16. Be3 Nc5 17. Bf1 Nce4 18. Nxe4 Bxe4 19. Bd3 Bxd3 20. Qxd3 Qc7 21.
Rad1 Rfc8 22. Re2 Qc4 23. Nb3 Nd5 24. Bc1 Bf6 25. Na5 Qc5 26. Nb3 Qc4 27. g3
Nb6 28. Re4 Qxc2 29. Rxb4 Qxd3 30. Rxd3 Nd5 31. Rb7 Rc2 32. Rd2 1/2-1/2

[Event "23rd ETCC Open 2021"]
[Site "Catez"]
[Date "2021.11.20"]
[Round "8.76"]
[White "Davis, Lee"]
[Black "Saraci, Korab"]
[Result "0-1"]
[WhiteElo "1972"]
[BlackElo "2149"]
[Annotator "ChessBase"]
[PlyCount "84"]
[EventDate "2021.11.08"]
[EventType "team-tourn"]
[EventCountry "SLO"]
[SourceTitle "playchess.com"]
[Source "ChessBase"]
[SourceQuality "1"]
[WhiteTeam "Wales"]
[BlackTeam "Kosovo"]
[WhiteTeamCountry "WLS"]
[BlackTeamCountry "KOS"]
[TimeControl "40/5400+30:1800+30"]

1. d4 Nf6 2. Nf3 d5 3. g3 g6 4. Bg2 Bg7 5. O-O O-O 6. c4 c6 7. cxd5 cxd5 8. Nc3
Nc6 9. Ne5 Bf5 10. Nxc6 bxc6 11. Bf4 Nh5 12. Be3 Rb8 13. b3 Nf6 14. Na4 Ng4 15.
Bf4 Rb4 16. e3 e5 17. dxe5 Nxe5 18. Rc1 Qa8 19. Nc5 Rb5 20. Bxe5 Bxe5 21. g4
Bc8 22. a4 Rb8 23. h3 a5 24. Qc2 Qa7 25. Rb1 Rb6 26. Rfc1 Qe7 27. Qd2 Bc7 28.
Nd3 f5 29. Nf4 fxg4 30. Bxd5+ cxd5 31. Nxd5 Qe4 32. Rxc7 Qxb1+ 33. Rc1 Qe4 34.
Rxc8 Rxc8 35. Nxb6 gxh3 36. Qd5+ Qxd5 37. Nxd5 Rc5 38. Nf4 Rc3 39. Kh2 Rxb3 40.
Ne6 Rb2 41. Kxh3 Rxf2 42. Kg3 Rc2 0-1

[Event "23rd ETCC Open 2021"]
[Site "Catez"]
[Date "2021.11.21"]
[Round "9.1"]
[White "Firouzja, Alireza"]
[Black "Mamedyarov, Shakhriyar"]
[Result "1-0"]
[WhiteElo "2770"]
[BlackElo "2765"]
[Annotator "TA"]
[PlyCount "101"]
[EventDate "2021.11.08"]
[EventType "team-tourn"]
[EventCountry "SLO"]
[SourceTitle "playchess.com"]
[Source "ChessBase"]
[SourceQuality "1"]
[WhiteTeam "France"]
[BlackTeam "Azerbaijan"]
[WhiteTeamCountry "FRA"]
[BlackTeamCountry "AZE"]

{[%evp 14,101,18,14,18,12,33,4,7,0,5,8,12,11,9,6,12,0,42,0,0,0,0,0,31,50,109,
98,112,97,93,62,72,25,24,0,0,0,81,81,81,80,80,80,80,86,86,85,85,83,76,75,80,73,
71,95,102,102,102,102,102,102,102,102,102,102,102,61,61,61,61,61,61,61,61,61,
61,61,61,61,639,397,632,632,632,599,587,543,531,456]} 1. e4 e5 2. Nf3 Nc6 3.
Bc4 Bc5 4. O-O Nf6 5. d3 h6 6. c3 d6 7. Re1 O-O 8. h3 a5 {outshines the older
8...a6. C54: Giuoco Piano: 4 c3 Nf6, main lines with 5 d4 and 5 d3.} 9. Nbd2
Be6 10. Bxe6 fxe6 {The position is equal.} 11. Nb3 {[#]} Ba7 $146 ({
Predecessor:} 11... Bb6 12. a4 Qe8 13. Be3 Bxe3 14. Rxe3 Qg6 15. Nbd2 Nh5 16.
Kh2 Qf7 17. Qb3 Rab8 {0-1 (56) Demchenko,A (2651)-Kollars,D (2621) Riga 2021})
12. Be3 Bxe3 13. Rxe3 a4 14. Nbd2 d5 15. Re2 b5 16. exd5 Nxd5 17. a3 Nf4 18.
Re3 $1 Qe8 (18... Nd5 $5 {[%cal Rd5e3]} 19. Re4 Nf6 $11) 19. g3 Nxh3+ (19...
Ng6 $14) 20. Kg2 $1 $16 {[%cal Rg2h3]} Ng5 21. Nxg5 hxg5 22. Qg4 Rf5 23. Nf3
Qf7 24. Qe4 Rf8 {aiming for ...Ne7.} 25. Rh1 {Black must now prevent g4.} g6
26. Qxc6 g4 {[%cal Rf5f3] [#]} 27. Kg1 $1 Rxf3 28. Rxf3 Qxf3 {[%csl Gf8][%cal
Rf3f2]} 29. Qxe6+ {[%mdl 64] Double Attack} Qf7 30. Qxf7+ Rxf7 {[%mdl 4096]
Endgame KR-KR} 31. Rh4 Rd7 32. Rxg4 Rxd3 33. Rxg6+ Kf7 34. Rc6 Rd2 35. c4 Rxb2
36. Rxc7+ Ke6 {...b4 is the strong threat.} 37. Rc6+ Kf5 {With the idea ...b4.}
38. cxb5 Rb3 39. b6 Rxa3 40. b7 (40. Rc4 {feels hotter.} Rb3 41. Rxa4 Rxb6 42.
f3 Rb2 43. Re4) 40... Rb3 41. Ra6 Rxb7 42. Rxa4 e4 43. Ra5+ Kf6 44. Kf1 Rb3 45.
Ke2 Rc3 46. Ra8 Rb3 $2 {[%mdl 8192] [#] Loses the game.} (46... Ke5 $14) 47.
Rf8+ $1 $18 Ke5 {[#]} (47... Ke6 $142 48. Kf1 Rf3) 48. Kf1 $1 {White is
clearly winning.} Kd4 49. Kg2 Rb7 50. Kh3 Ke5 51. g4 {Weighted Error Value:
White=0.05/Black=0.30} 1-0

[Event "23rd ETCC Open 2021"]
[Site "Catez"]
[Date "2021.11.21"]
[Round "9.2"]
[White "Radjabov, Teimour"]
[Black "Vachier-Lagrave, Maxime"]
[Result "1/2-1/2"]
[WhiteElo "2763"]
[BlackElo "2766"]
[Annotator "TA"]
[PlyCount "43"]
[EventDate "2021.11.08"]
[EventType "team-tourn"]
[EventCountry "SLO"]
[SourceTitle "playchess.com"]
[Source "ChessBase"]
[SourceQuality "1"]
[WhiteTeam "Azerbaijan"]
[BlackTeam "France"]
[WhiteTeamCountry "AZE"]
[BlackTeamCountry "FRA"]

{[%evp 22,43,-2,0,0,-5,0,-9,-6,-17,0,-10,0,0,0,-8,0,0,0,-16,0,0,0,-23]} 1. Nf3
c5 2. c4 Nc6 3. Nc3 e5 4. g3 g6 5. Bg2 Bg7 6. a3 Nge7 7. O-O O-O 8. Ne1 d6 9.
Nc2 Be6 10. Ne3 Qd7 11. Ned5 Bh3 12. d3 {The position is equal.} Bxg2 {A37:
Symmetrical English vs ...g6: 4 Bg2 Bg7 5 Nf3.} 13. Kxg2 f5 14. f3 Nxd5 15.
Nxd5 {[#]} e4 $146 ({Predecessor:} 15... Ne7 16. Nc3 Rad8 17. e4 f4 18. g4 g5
19. Bd2 Rf6 20. Rh1 h5 21. h3 Kf7 {1/2-1/2 (82) Ai,F (1922)-Jayawarna,N (1720)
Coventry 2015}) 16. Rb1 exf3+ 17. exf3 Rae8 18. Be3 Bd4 19. Bh6 Bg7 20. Be3 Bd4
21. Bh6 Bg7 22. Be3 {A rather calm draw.  Weighted Error Value: White=0.04/
Black=0.04} 1/2-1/2

[Event "23rd ETCC Open 2021"]
[Site "Catez"]
[Date "2021.11.21"]
[Round "9.3"]
[White "Lagarde, Maxime"]
[Black "Mamedov, Rauf"]
[Result "1/2-1/2"]
[WhiteElo "2647"]
[BlackElo "2673"]
[Annotator "TA"]
[PlyCount "81"]
[EventDate "2021.11.08"]
[EventType "team-tourn"]
[EventCountry "SLO"]
[SourceTitle "playchess.com"]
[Source "ChessBase"]
[SourceQuality "1"]
[WhiteTeam "France"]
[BlackTeam "Azerbaijan"]
[WhiteTeamCountry "FRA"]
[BlackTeamCountry "AZE"]

{[%evp 12,81,39,4,31,39,47,6,8,6,16,0,1,0,0,0,0,0,0,0,16,0,10,-116,-106,-107,
15,14,18,-32,-22,-17,-22,-97,-18,-19,-31,-14,-23,-47,-41,-23,0,0,0,0,0,0,0,0,0,
0,0,0,8,0,8,0,0,0,0,0,0,0,0,0,0,0,0,0,0,0]} 1. e4 c5 2. Nf3 d6 3. d4 cxd4 4.
Nxd4 Nf6 5. Nc3 Nc6 6. Bg5 e6 7. Qd3 Bd7 {B62: Sicilian: Richter-Rauzer: 6...
e6: Unusual White 7th moves.} 8. O-O-O {And now Ndb5 would win.} a6 9. Qg3 h6
10. Be3 Nxd4 11. Rxd4 e5 12. Rb4 b5 13. Be2 Rc8 14. Bd2 {[#]} Qc7 $146 ({
Predecessor:} 14... g6 15. h4 Be6 16. a3 d5 17. exd5 Bxb4 18. axb4 Nxd5 19.
Qxe5 Qf6 20. Qxf6 Nxf6 {1/2-1/2 (51) Saxena,A (2271)-Horchler,P (2312) ICCF
email 2011}) 15. Bd3 Be6 16. Kb1 Be7 17. Qxg7 (17. h4 $11) 17... Rg8 $17 18.
Qxh6 {[#]} Rg6 ({Better is} 18... Qc5 $1 $17 {...Ng4 is the strong threat.} 19.
Nd1 Ng4) 19. Qe3 $1 $11 (19. Qh8+ $2 Kd7 $19) 19... Qc5 $1 {[%cal Rc5b4]} 20.
Nd5 Rxg2 21. Nxe7 Kxe7 22. a4 {[#]} (22. h3 $11 {remains equal.}) 22... Rcg8 ({
Weaker is} 22... Rxf2 23. axb5 axb5 24. Rxb5 $16) ({Black should try} 22... Ng4
$1 $17 {[%cal Rg4e3]} 23. Qh3 Rxf2 24. Qh4+ Kd7) 23. Qe1 {[%cal Ra4b5]} Qxf2
24. Qxf2 Rxf2 25. Be1 Rfg2 {Hoping for ...Rg1.} 26. Bg3 Nh5 (26... Bd7 {
looks sharper.} 27. Rb3 Nh5 28. axb5 Nxg3 29. hxg3 Bxb5 30. Bxb5 axb5 31. Rxb5
Re2) 27. axb5 {The position is equal.} Nxg3 28. hxg3 R2xg3 29. Rc1 axb5 30.
Rxb5 Kd7 31. b4 Kc6 {White must now prevent ...Rxd3!} 32. Ra5 Rb8 33. Ra6+ (33.
b5+ {keeps more tension.} Kc5 34. Ra7 d5 35. Re1 dxe4 36. Rxe4 Kd5 37. Rea4)
33... Rb6 34. Rxb6+ (34. Kb2 {with more complications.} d5 35. Re1 Rxa6 36. b5+
Kb6 37. bxa6 f6 38. Rf1) 34... Kxb6 {[%mdl 4096] Endgame KRB-KRB} 35. Rf1 Rg4
36. Kb2 Rh4 37. c4 Rh2+ 38. Kc3 Rh3 39. Kc2 Rh2+ 40. Kc3 Rh3 41. Kc2 {Weighted
Error Value: White=0.16/Black=0.12} 1/2-1/2

[Event "23rd ETCC Open 2021"]
[Site "Catez"]
[Date "2021.11.21"]
[Round "9.4"]
[White "Abasov, Nijat"]
[Black "Moussard, Jules"]
[Result "1/2-1/2"]
[WhiteElo "2634"]
[BlackElo "2632"]
[Annotator "TA"]
[PlyCount "64"]
[EventDate "2021.11.08"]
[EventType "team-tourn"]
[EventCountry "SLO"]
[SourceTitle "playchess.com"]
[Source "ChessBase"]
[SourceQuality "1"]
[WhiteTeam "Azerbaijan"]
[BlackTeam "France"]
[WhiteTeamCountry "AZE"]
[BlackTeamCountry "FRA"]

{[%evp 14,64,0,0,0,0,0,0,0,-11,0,-14,7,-18,-13,-17,0,-11,0,-8,10,-20,-4,-9,0,
-23,0,-23,-16,-20,-25,-16,0,-25,0,0,0,0,0,0,0,0,0,0,0,-9,0,0,0,0,0,0,0]} 1. e4
e5 2. Nf3 Nf6 3. d4 Nxe4 4. Bd3 d5 5. Nxe5 Nd7 6. Nc3 Nxc3 7. bxc3 Nxe5 8. dxe5
Bc5 {8...Bc5 scores better than 8...Be7. C43: Petroff Defence: 3 d4.} 9. O-O
O-O 10. Rb1 {[#]} Re8 $146 ({Predecessor:} 10... Qe7 11. Bf4 c6 12. Qh5 g6 13.
Qh6 f6 14. Rbe1 fxe5 15. Bxe5 Qf7 16. h4 Bg4 {1-0 (31) Reefat,B (2458)
-Wijesurija,G (2146) Sri Lanka 2001}) 11. Re1 c6 12. Qf3 b6 13. h3 Qh4 14. Be3
Bxe3 15. Rxe3 Qg5 16. Qe2 c5 17. Rg3 (17. Bb5 $5 {[%cal Rb5e8]} Re6 18. Re1 $11
) 17... Qf4 ({But not} 17... Qxe5 $2 18. Re3 $18) 18. Rf3 Qg5 {[#] Threatens
to win with ...c4.} (18... Qxe5 $2 19. Re3 $18) 19. Rg3 $1 {[%cal Rg3g5]} Qf4 {
White must now prevent ...c4.} ({Don't go for} 19... Qxe5 $2 20. Re3 $18) 20.
Rf3 Qh6 ({Not} 20... Qxe5 $2 21. Re3 $18) 21. c4 Be6 22. a4 dxc4 23. Bxc4 Bxc4
(23... Rad8 {keeps more tension.} 24. Bb5 Rd2 25. Qe1 Red8 26. Bd3 c4) 24. Qxc4
{The position is equal.} Qe6 25. Qxe6 Rxe6 $11 {[%mdl 4096] Endgame KRR-KRR}
26. a5 g6 27. Re3 Rd8 28. axb6 axb6 29. Kf1 Kg7 30. h4 Rd5 31. Rb5 Kf8 32. g3
Rdxe5 {Not much happened in this game.  Weighted Error Value: White=0.03/
Black=0.06} 1/2-1/2

[Event "23rd ETCC Open 2021"]
[Site "Catez"]
[Date "2021.11.21"]
[Round "9.6"]
[White "Martirosyan, Haik M."]
[Black "Volokitin, Andrei"]
[Result "0-1"]
[WhiteElo "2624"]
[BlackElo "2656"]
[Annotator "TA"]
[PlyCount "86"]
[EventDate "2021.11.08"]
[EventType "team-tourn"]
[EventCountry "SLO"]
[SourceTitle "playchess.com"]
[Source "ChessBase"]
[SourceQuality "1"]
[WhiteTeam "Armenia"]
[BlackTeam "Ukraine"]
[WhiteTeamCountry "ARM"]
[BlackTeamCountry "UKR"]

{[%evp 9,86,14,18,4,1,0,11,0,0,0,0,0,0,0,0,0,0,0,0,0,-5,-12,0,0,0,0,1,0,0,9,18,
16,22,16,24,24,39,0,0,0,20,0,0,0,0,-8,-32,-31,-27,0,0,-43,0,-552,-529,-655,
-650,-1024,-1025,-1055,-1035,-1027,-1020,-718,-690,-669,-681,-938,-938,-3604,
-2829,-29982,-29983,-29988,-29989,-29989,-29990,-29990,-29991]} 1. d4 Nf6 2. c4
e6 3. Nf3 d5 4. Nc3 Bb4 5. cxd5 exd5 6. Bf4 {D38: Queen's Gambit Declined:
Ragozin Defence (4 Nf3 Bb4).} Ne4 7. Rc1 Nc6 8. Nd2 {The position is equal.} g5
9. Be3 Nxc3 10. bxc3 Ba3 11. Rb1 f5 $1 {[%cal Rf5f4] White should prevent ...
f4.} 12. g3 Bd6 13. Nf3 f4 14. Bc1 O-O 15. Rb5 g4 16. Nh4 Ne7 17. e3 {[%cal
Re3f4] [#]} c6 $146 ({Predecessor:} 17... f3 18. Bd3 a6 19. Rb1 Nf5 20. Nxf5
Bxf5 21. c4 b5 22. cxd5 Qd7 23. Qc2 Rae8 {1-0 (51) Martirosyan,H (2637)
-Petrosyan,M (2625) Tornelo INT 2021}) 18. Rb3 {[%cal Re3f4]} f3 19. Bd3 Ng6
20. Nxg6 hxg6 21. Qc2 Qe7 22. Bxg6 b5 23. Kd1 Kg7 24. Bd3 Be6 25. Re1 Rh8 26.
e4 dxe4 27. Rxe4 Rxh2 {Hoping for ...Rh1+.} 28. Qd2 $1 Qf6 {Strongly
threatening ...Bf5.} 29. Qe3 $1 Bf5 $36 {[%mdl 2048] ...Rah8 is the strong
threat. Black has the initiative.} 30. c4 $1 Rah8 31. Re5 {[%mdl 8192]} Bxd3
$19 32. Rxd3 bxc4 33. Ba3 {[#] Threatening Bxd6!} Rxf2 $3 {[%mdl 512]} 34. Qxf2
Bxe5 35. dxe5 Rh1+ 36. Kd2 Qh6+ 37. Kc3 {[#]} Rc1+ $1 {[%mdl 512]} 38. Kb4 (38.
Bxc1 Qxc1+) 38... cxd3 39. Qxa7+ Kg6 {( -> ...Qd2+)} 40. Bxc1 d2 {Black mates.}
41. Qe7 dxc1=Q 42. Qf6+ Kh7 43. Qf7+ Qg7 {Weighted Error Value: White=0.64/
Black=0.04} 0-1

[Event "23rd ETCC Open 2021"]
[Site "Catez"]
[Date "2021.11.21"]
[Round "9.7"]
[White "Shevchenko, Kirill"]
[Black "Hovhannisyan, Robert"]
[Result "1/2-1/2"]
[WhiteElo "2647"]
[BlackElo "2622"]
[Annotator "TA"]
[PlyCount "41"]
[EventDate "2021.11.08"]
[EventType "team-tourn"]
[EventCountry "SLO"]
[SourceTitle "playchess.com"]
[Source "ChessBase"]
[SourceQuality "1"]
[WhiteTeam "Ukraine"]
[BlackTeam "Armenia"]
[WhiteTeamCountry "UKR"]
[BlackTeamCountry "ARM"]

{[%evp 9,41,-8,-12,-15,-9,-16,14,8,17,15,13,0,0,0,0,0,0,0,0,0,0,0,3,0,0,0,0,0,
0,0,0,0,0,0]} 1. Nf3 d5 2. g3 g6 3. c4 dxc4 4. Na3 Bg7 5. Nxc4 Nc6 {The
position is equal.} 6. d3 {A09: Réti Opening: 1 Nf3 d5 2 c4.} e5 7. Bd2 Nf6 8.
Ncxe5 Nxe5 9. Nxe5 O-O $1 {[#]} 10. Bg2 $146 ({Predecessor:} 10. Nf3 Re8 11.
Bc3 Bf5 12. d4 Qe7 13. Bg2 Ne4 14. Nh4 Bg4 15. Nf3 c5 16. e3 Nxf2 17. Kxf2
Qxe3+ {0-1 (23) Banusz,T (2631)-Can,E (2569) Tornelo INT 2021}) 10... Re8 $1 {
[%cal Re8e5]} 11. Bc3 Nd5 12. d4 Nxc3 13. bxc3 Bxe5 14. dxe5 Qe7 $1 15. f4 Rd8
16. Qb3 Qc5 17. Qb4 Qe3 {And now ...Rd2! would win.} 18. Qe4 Qc5 19. Qb4 Qe3 {
Threatens to win with ...Rd2!} 20. Qe4 Qc5 21. Qb4 {Not much happened in this
game.  Weighted Error Value: White=0.02/Black=0.02} 1/2-1/2

[Event "23rd ETCC Open 2021"]
[Site "Catez"]
[Date "2021.11.21"]
[Round "9.8"]
[White "Ter-Sahakyan, Samvel"]
[Black "Onyshchuk, Volodymyr"]
[Result "1/2-1/2"]
[WhiteElo "2615"]
[BlackElo "2622"]
[Annotator "TA"]
[PlyCount "103"]
[EventDate "2021.11.08"]
[EventType "team-tourn"]
[EventCountry "SLO"]
[SourceTitle "playchess.com"]
[Source "ChessBase"]
[SourceQuality "1"]
[WhiteTeam "Armenia"]
[BlackTeam "Ukraine"]
[WhiteTeamCountry "ARM"]
[BlackTeamCountry "UKR"]

{[%evp 17,103,21,3,0,0,11,23,23,22,23,23,22,31,25,37,-5,0,-8,0,0,0,0,0,0,0,0,0,
0,0,0,0,0,0,0,0,0,0,0,0,0,0,0,0,0,0,0,0,0,0,0,0,0,0,0,0,0,0,0,0,0,0,0,0,0,0,0,
13,9,9,9,9,9,9,9,9,9,9,9,9,9,9,9,9,9,9,9,9,9]} 1. e4 e5 2. Nf3 Nc6 3. Bb5 Nf6
4. d3 Bc5 5. O-O d6 6. Nc3 O-O 7. Na4 Bb6 8. c3 Ne7 9. Nxb6 axb6 10. Bg5 {
C48: Four Knights: 4 Bb5, replies other than 4...Bb4.} Ng6 11. Nh4 h6 12. Nxg6
{White has an edge.} fxg6 13. Bc4+ Kh8 14. Be3 {[#]} g5 $146 ({Predecessor:} 
14... Qe7 15. f4 Ng4 16. Qe2 Nxe3 17. Qxe3 exf4 18. Rxf4 Rxf4 19. Qxf4 Be6 20.
Bxe6 Qxe6 {1-0 (57) Carlsen,M (2567)-Papa,S (2397) Lausanne 2004}) 15. f3 Qe7
16. d4 g4 {The position is equal.} 17. Bd3 gxf3 18. Qxf3 Be6 19. a3 Ng4 20. Qg3
Nxe3 21. Qxe3 Rxf1+ 22. Rxf1 Rf8 23. Rxf8+ (23. d5 {is more complex.} Bd7 24.
g3 g5 25. Rf2 Kg7 26. Kf1) 23... Qxf8 24. Qf2 Qe7 25. h4 Kg8 26. Kh2 Qe8 27.
dxe5 dxe5 28. Be2 Qg6 (28... Qd8 {seems wilder.} 29. Qg3 Qf6 30. Bg4 Kf7 31.
Bxe6+ Kxe6 32. Qg4+ Kd6) 29. Qf3 Qf7 30. Qxf7+ Kxf7 $11 {[%mdl 4096] Endgame
KB-KB} 31. Kg3 Bd7 32. Kf3 Ke7 33. Ke3 Kd6 34. Bc4 b5 35. Be2 b6 36. b4 c5 37.
Kf2 Bc6 38. Kg3 Ke7 39. Kf3 Kd6 40. Ke3 Bd7 41. Bh5 cxb4 42. axb4 Ke7 43. Be2
Kd6 44. Kf3 Ke7 45. Kg3 Bc6 46. Kf2 Kd6 47. g3 Bd7 48. Kf3 Ke7 49. Bf1 Kd6 50.
Ke3 Ke7 51. Be2 Kd6 52. Bd3 {Weighted Error Value: White=0.01/Black=0.01}
1/2-1/2